000 00979nam a22003018i 4500
999 _c29293
_d29264
001 018786933
003 EG-ScBUE
005 20210802104118.0
008 180223s2018 enk f b 001 0 eng d
020 _a9781138473447 (hbk.)
040 _aStDuBDS
_beng
_erda
_cStDuBDS
_dEG-ScBUE
082 0 4 _a712.01
_bMEA
_222
245 0 0 _aMeaning in landscape architecture and gardens /
_cedited by Marc Treib.
264 1 _aLondon ;
_aNew York :
_bRoutledge,
_c2018.
300 _axx, 228 pages ;
_c24 cm
336 _atext
_2rdacontent
_btxt
337 _aunmediated
_2rdamedia
_bn
338 _avolume
_2rdacarrier
_bnc
504 _aIncludes bibliographical references and index.
650 7 _aLandscape architecture
_xPhilosophy.
_2BUEsh
650 7 _aMeaning (Philosophy)
_2BUEsh
650 7 _aLandscape architecture.
_2BUEsh
653 _bENGARC
_cAugust2021
655 _vReading book
_934232
700 1 _aTreib, Marc,
_eeditor.
942 _2ddc
_cBB